<?xml version="1.0" encoding="UTF-8"?>
<record
    xmlns:xsi="http://www.w3.org/2001/XMLSchema-instance"
    xsi:schemaLocation="http://www.loc.gov/MARC21/slim http://www.loc.gov/standards/marcxml/schema/MARC21slim.xsd"
    xmlns="http://www.loc.gov/MARC21/slim">

  <leader>009500000a22001210004500</leader>
  <datafield tag="100" ind1="1" ind2=" ">
    <subfield code="a">Ocampo Arboleda, Jackeline</subfield>
  </datafield>
  <datafield tag="245" ind1="1" ind2="0">
    <subfield code="a">Los principios, los valores como base de un c&#xF3;digo de &#xE9;tica para el aprovechamiento m&#xE1;ximo de las habilidades, del capital humano y social en el instituto IPSI</subfield>
  </datafield>
  <datafield tag="300" ind1=" " ind2=" ">
    <subfield code="a">no.15 (dic., 2010), p. 93 - 96</subfield>
  </datafield>
  <datafield tag="520" ind1=" " ind2=" ">
    <subfield code="a">Para el desarrollo de &#xE9;ste c&#xF3;digo de &#xE9;tica, es fundamental resaltar los principios &#xE9;ticos como las normas internas y las creencias b&#xE1;sicas sobre las formas correctas como debemos relacionarnos con los otros y con el mundo, desde las cuales se rige el sistema de valores que profesan las personas y los grupos y que el c&#xF3;digo de &#xE9;tica fundamental en el comportamiento de la instituci&#xF3;n y de sus integrantes sobre una serie de principios, valores y conductas moralmente deseables.</subfield>
  </datafield>
  <datafield tag="650" ind1="1" ind2="4">
    <subfield code="a">ETICA PROFESIONAL</subfield>
  </datafield>
  <datafield tag="773" ind1="0" ind2=" ">
    <subfield code="t">Revista Quid ...Investigaci&#xF3;n, ciencia y tecnolog&#xED;</subfield>
  </datafield>
  <datafield tag="942" ind1=" " ind2=" ">
    <subfield code="c">ANA</subfield>
  </datafield>
  <datafield tag="952" ind1=" " ind2=" ">
    <subfield code="0">0</subfield>
    <subfield code="1">0</subfield>
    <subfield code="4">0</subfield>
    <subfield code="7">0</subfield>
    <subfield code="8">HEM</subfield>
    <subfield code="a">FUSBC</subfield>
    <subfield code="b">FUSBC</subfield>
    <subfield code="d">2016-01-26</subfield>
    <subfield code="l">0</subfield>
    <subfield code="o"> </subfield>
    <subfield code="r">2016-01-26 00:00:00</subfield>
    <subfield code="w">2016-01-26</subfield>
    <subfield code="y">ANA</subfield>
  </datafield>
  <datafield tag="999" ind1=" " ind2=" ">
    <subfield code="c">63444</subfield>
    <subfield code="d">63444</subfield>
  </datafield>
</record>
